Syria : (Record no. 28156)

MARC details
000 -LEADER
campo de control de longitud fija 00756cam a2200253 i 4500
001 - NÚMERO DE CONTROL
campo de control 111247
005 - FECHA Y HORA DE LA ÚLTIMA TRANSACCIÓN
campo de control 20230410103914.0
008 - DATOS DE LONGITUD FIJA--INFORMACIÓN GENERAL
campo de control de longitud fija 130722s2010 enka 000 0 eng
020 ## - NÚMERO INTERNACIONAL ESTÁNDAR DEL LIBRO
Número Internacional Estándar del Libro 9780907871842
041 0# - CÓDIGO DE IDIOMA
Código de lengua del texto/banda sonora o título independiente Eng
050 14 - SIGNATURA TOPOGRÁFICA DE LA BIBLIOTECA DEL CONGRESO
Número de clasificación 432 DS 94
Número de ítem S995 2010
082 00 - NÚMERO DE LA CLASIFICACIÓN DECIMAL DEWEY
Número de clasificación 956.91
245 00 - MENCIÓN DEL TÍTULO
Título Syria :
Resto del título through writers' eyes /
Mención de responsabilidad, etc. written and edited by Marius Kociejowski ; with linocuts by Mungo McCosh.
260 ## - PUBLICACIÓN, DISTRIBUCIÓN, ETC.
Lugar de publicación, distribución, etc. London :
Nombre del editor, distribuidor, etc. Eland,
Fecha de publicación, distribución, etc. 2010.
300 ## - DESCRIPCIÓN FÍSICA
Extensión ix, 271 p. :
Otras características físicas ill.,
Dimensiones 22 cm.
440 #0 - MENCIÓN DE SERIE/PUNTO DE ACCESO ADICIONAL--TÍTULO
Título Through writers' eyes.
651 #0 - PUNTO DE ACCESO ADICIONAL DE MATERIA--NOMBRE GEOGRÁFICO
Nombre geográfico Syria
Subdivisión general Description and travel.
651 #0 - PUNTO DE ACCESO ADICIONAL DE MATERIA--NOMBRE GEOGRÁFICO
Nombre geográfico Syria
Subdivisión general In literature.
651 #4 - PUNTO DE ACCESO ADICIONAL DE MATERIA--NOMBRE GEOGRÁFICO
Nombre geográfico Siria
Subdivisión general Descripciones y viajes
700 1# - ENTRADA AGREGADA--NOMBRE PERSONAL
Nombre de persona Kociejowski, Marius.
700 1# - ENTRADA AGREGADA--NOMBRE PERSONAL
Nombre de persona McCosh, Mungo.
942 ## - ELEMENTOS DE ENTRADA SECUNDARIOS (KOHA)
Fuente del sistema de clasificación o colocación Clasificación de Library of Congress
Tipo de ítem Koha
946 ## - PROCESAMIENTO DE INFORMACIÓN LOCAL (OCLC)
a lmd
Holdings
Estatus retirado Estado de pérdida Fuente del sistema de clasificación o colocación Estado de daño No para préstamo Colección Biblioteca de origen Biblioteca actual Ubicación en estantería Fecha de adquisición Serial enumeration / chronology Signatura topográfica completa Código de barras Visto por última vez Copia número Tipo de ítem Koha
    Clasificación de Library of Congress     Recursos Regionales Biblioteca Juan Bosch Biblioteca Juan Bosch Recursos Regionales (2do. Piso) 10/04/2023 1 432 DS 94 S995 2010 00000102696 23/10/2018 1